000 00775nam a2200253Ia 4500
003 OSt
005 20220918222900.0
006 a|||||r|||| 00| 0
007 ta
008 220917b |||||||| |||| 00| 0 eng d
024 _a219,217
037 _b69370, 26/02/2002, IBD
_cTextual
040 _aARTS
_cARTS
_beng
041 _2eng
_aeng
082 _aV681:51.N93<-N62, P1
100 _aPool David
_9144300
245 0 _aFrom guerrillas to government
_b the Eritrean people's liberation front
260 _aOxford
_bOhio University Press
_c2001
300 _axvi,206p
_ccm.
490 _aEastern African studies
650 _aHISTORY
942 _hV681:51.N93<-N62, P1
_cTEXL
_2CC
999 _c276710
_d276710